[Event "ICS rated blitz match"]
[Site "204.178.125.65"]
[Date "2000.02.17"]
[Round "?"]
[White "PostModernist"]
[Black "Hossa"]
[Result "0-1"]
[WhiteElo "2546"]
[BlackElo "2368"]
[PlyCount "228"]

1. e4 e6 2. d4 d5 3. Nc3 Nf6 4. e5 Nfd7 5. f4 c5 6. Nf3 Nc6 7. Be3 Qb6 8. Na4
Qa5+ 9. c3 cxd4 10. b4 Nxb4 11. cxb4 Bxb4+ 12. Bd2 Bxd2+ 13. Nxd2 g5 14. Rb1 a6
15. Nb2 gxf4 16. Nd3 b5 17. Be2 f6 18. exf6 O-O 19. O-O Nxf6 20. Rxf4 Qa3 21.
Kh1 Bb7 22. Rxd4 Rae8 23. Nb4 Qa5 24. Rb3 e5 25. Rg3+ Kh8 26. Rh4 d4 27. Qb3
Qc7 28. Bd1 Qc1 29. Nf3 e4 30. Ng1 a5 31. Be2 axb4 32. Bxb5 Re5 33. Qxb4 Qc5
34. Rb3 Bc8 35. a4 Ng4 36. h3 Nf2+ 37. Kh2 d3 38. Qxc5 Rxc5 39. Rb2 e3 40. Nf3
d2 41. Nxd2 exd2 42. Rxd2 Rc1 43. Rc4 Rxc4 44. Bxc4 Ne4 45. Rc2 Bd7 46. a5 Rc8
47. a6 Rc7 48. Bd5 Rxc2 49. a7 Ra2 50. Bxa2 Bc6 51. Be6 Ba8 52. h4 Kg7 53. Bg4
Kf6 54. Bf3 Ke5 55. g4 Kf4 56. Kg2 Bc6 57. g5 Ba8 58. h5 Kxg5 59. Kh3 Kf4 60.
Bg2 Ng5+ 61. Kh2 Nf3+ 62. Kh3 h6 63. Bh1 Ng5+ 64. Kh4 Ne4 65. Bg2 Bc6 66. Bh1
Bb7 67. Bg2 Ba8 68. Bh1 Bc6 69. Bg2 Bd5 70. Bh1 Ke3 71. Bg2 Ba8 72. Bh1 Bb7 73.
Bg2 Kf4 74. Bh1 Bd5 75. Bg2 Ke3 76. Bh1 Bc6 77. Bg2 Bb7 78. Bh1 Kd4 79. Bg2 Bc6
80. Bf3 Ke5 81. Kg4 Ba8 82. Bg2 Nf6+ 83. Kg3 Nd5 84. Bf3 Kf5 85. Bg4+ Kg5 86.
Bd1 Nb6 87. Bg4 Be4 88. Kh3 Bg2+ 89. Kg3 Ba8 90. Kh3 Kf4 91. Kh4 Nc4 92. Be6
Ne3 93. Kh3 Kg5 94. Kg3 Nf5+ 95. Bxf5 Kxf5 96. Kh4 Bc6 97. Kg3 Kg5 98. Kh3 Kxh5
99. Kg3 Kg5 100. Kf2 h5 101. Kf1 Ba8 102. Kg1 h4 103. Kf2 Kh5 104. Kf1 h3 105.
Ke1 h2 106. Kd2 h1=Q 107. Kc3 Qa1+ 108. Kd2 Qxa7 109. Kd3 Qa4 110. Kc3 Be4 111.
Kd2 Qd4+ 112. Ke2 Kg4 113. Kf1 Qd2 114. Kg1 Qg2# 0-1

[Event "ICS rated blitz match"]
[Site "204.178.125.65"]
[Date "2000.02.17"]
[Round "?"]
[White "Hossa"]
[Black "PostModernist"]
[Result "1/2-1/2"]
[WhiteElo "2392"]
[BlackElo "2522"]
[PlyCount "142"]

1. e4 c6 2. d4 d5 3. e5 c5 4. dxc5 Nc6 5. Bb5 e6 6. Qd4 Qa5+ 7. Nc3 Qxb5 8.
Nxb5 Nxd4 9. Nxd4 Bxc5 10. Nb5 Rb8 11. Nd6+ Ke7 12. Nxc8+ Rxc8 13. Nf3 f6 14.
c3 Kf7 15. Ke2 Ne7 16. h4 h5 17. Rd1 Nf5 18. Bf4 Rhd8 19. Rd2 b5 20. a3 a5 21.
Rc1 a4 22. Re1 Bb6 23. exf6 gxf6 24. Red1 Rc4 25. g3 e5 26. Rxd5 Re4+ 27. Kf1
exf4 28. Rxd8 Bxd8 29. Rd5 Kg6 30. Rxd8 fxg3 31. fxg3 Nxg3+ 32. Kf2 Nf5 33.
Rg8+ Kf7 34. Rg5 Nxh4 35. Rxh5 Nxf3 36. Kxf3 Re5 37. Rh8 Rf5+ 38. Ke3 Rg5 39.
Rb8 Rh5 40. Kd4 Kg6 41. Rg8+ Kf5 42. Ra8 Rh2 43. c4 Rh4+ 44. Kc5 Rxc4+ 45. Kxb5
Rd4 46. Rxa4 Rxa4 47. Kxa4 Ke4 48. b4 f5 49. b5 f4 50. Ka5 Kd5 51. b6 Kc6 52.
Ka6 f3 53. Ka7 f2 54. b7 f1=Q 55. b8=Q Qf7+ 56. Ka8 Qd5 57. Qb4 Qg8+ 58. Ka7
Qh7+ 59. Ka6 Qd3+ 60. Ka5 Qd8+ 61. Ka4 Qa8+ 62. Kb3 Qb7 63. Kc2 Qxb4 64. axb4
Kd6 65. Kb3 Kc7 66. Ka4 Kb6 67. b5 Kb7 68. Ka5 Ka7 69. b6+ Kb7 70. Kb5 Kb8 71.
b7 Kxb7 1/2-1/2

[Event "ICS rated blitz match"]
[Site "204.178.125.65"]
[Date "2000.02.17"]
[Round "?"]
[White "PostModernist"]
[Black "Hossa"]
[Result "1-0"]
[WhiteElo "2516"]
[BlackElo "2398"]
[PlyCount "87"]

1. e4 c6 2. d4 d5 3. Nc3 dxe4 4. Nxe4 Nd7 5. Bc4 Ngf6 6. Ng5 e6 7. Qe2 Nb6 8.
Bd3 h6 9. N5f3 c5 10. dxc5 Bxc5 11. Ne5 Nbd7 12. Ngf3 Qc7 13. Bf4 Bb4+ 14. Nd2
Bxd2+ 15. Kxd2 O-O 16. Rhd1 Rd8 17. Kc1 Nd5 18. Bg3 Nxe5 19. Qxe5 Qe7 20. Bc4
f6 21. Qe4 Qc5 22. a4 Qc6 23. Ra3 a6 24. a5 f5 25. Qd4 Rd7 26. Re1 Nc7 27. Qc3
Nd5 28. Qb3 Rd8 29. Rd1 Rd7 30. Be5 Qc5 31. Rd4 Qc6 32. Qg3 g5 33. Qh3 b5 34.
Qh5 Rh7 35. Qg6+ Kf8 36. Bxd5 Qxd5 37. Rxd5 exd5 38. Bd6+ Re7 39. Bxe7+ Kxe7
40. Re3+ Kd7 41. Qg7+ Kc6 42. Rc3+ Kd6 43. Qc7+ Ke6 44. Rc6# 1-0

[Event "ICS rated blitz match"]
[Site "204.178.125.65"]
[Date "2000.02.17"]
[Round "?"]
[White "Hossa"]
[Black "Beadle"]
[Result "1-0"]
[WhiteElo "2387"]
[BlackElo "2565"]
[PlyCount "147"]

1. Nf3 d5 2. g3 c6 3. d4 e6 4. Bg2 Bd6 5. O-O Ne7 6. Nbd2 b6 7. c4 Ba6 8. b3
Nd7 9. e4 O-O 10. a4 dxc4 11. Nxc4 Bxc4 12. bxc4 e5 13. Bb2 Qc7 14. Bh3 f5 15.
Ng5 Rf6 16. f4 exf4 17. Qb3 Kh8 18. e5 Nxe5 19. dxe5 Bxe5 20. Bxe5 Qxe5 21.
Rae1 Qc5+ 22. Kh1 fxg3 23. hxg3 h6 24. Ne6 Qd6 25. Qe3 Re8 26. Nd4 Ref8 27. Qe5
Qd7 28. Ne6 R8f7 29. Kg1 c5 30. Bg2 Ng6 31. Qd5 Qxa4 32. Qa8+ Kh7 33. Bd5 a5
34. Nf4 Nxf4 35. Rxf4 Rf8 36. Qb7 Rg6 37. Rf3 Re8 38. Rc1 Qb4 39. Rcf1 Rg5 40.
Bf7 Rd8 41. Be6 Rf8 42. Qe7 Rf6 43. Bf7 b5 44. Qf8 Rxf7 45. Qxf7 Qxc4 46. Qxc4
bxc4 47. Rc3 a4 48. Rf4 Rg6 49. Rfxc4 Ra6 50. Ra3 Ra5 51. Raxa4 Rb5 52. Ra7 h5
53. Rc7 Kg6 54. R4xc5 Rxc5 55. Rxc5 Kf6 56. Rc6+ Kf7 57. Kg2 g5 58. Rh6 h4 59.
gxh4 gxh4 60. Kf3 Kg7 61. Rxh4 Kf6 62. Kf4 Ke6 63. Rh5 Kd5 64. Rxf5+ Kd4 65.
Kf3 Kd3 66. Rf4 Kd2 67. Ke4 Ke2 68. Kd4 Kd2 69. Rf2+ Kd1 70. Ke3 Kc1 71. Kd3
Kb1 72. Kc3 Ka1 73. Kb3 Kb1 74. Rf1# 1-0

[Event "ICS rated blitz match"]
[Site "204.178.125.65"]
[Date "2000.02.17"]
[Round "?"]
[White "Hossa"]
[Black "PostModernist"]
[Result "1-0"]
[WhiteElo "2411"]
[BlackElo "2527"]
[PlyCount "155"]

1. d4 d6 2. e4 e6 3. Nf3 Ne7 4. Be3 Ng6 5. Nbd2 Be7 6. Bd3 Nc6 7. c4 O-O 8. O-O
Bf6 9. Nb3 Bd7 10. Qd2 a5 11. Rad1 a4 12. Nc1 e5 13. dxe5 Ncxe5 14. Nxe5 Nxe5
15. c5 Nxd3 16. Nxd3 Re8 17. cxd6 cxd6 18. f3 Rc8 19. Nf4 Bb5 20. Rf2 Be5 21.
Nd5 Re6 22. f4 Bf6 23. Bb6 Qd7 24. Ba5 Bd8 25. Bxd8 Qxd8 26. Nc3 Qe8 27. f5 Rh6
28. f6 Rxf6 29. Rxf6 gxf6 30. Qf4 Bc6 31. Rxd6 Qf8 32. Qg4+ Kh8 33. Rxf6 Qc5+
34. Rf2 Rg8 35. Qf4 Rg7 36. a3 b6 37. Qf6 b5 38. g3 Be8 39. Qd8 Rg8 40. Qb8 Qd4
41. Qc7 h6 42. Qe7 Qg7 43. Nd5 f6 44. Rxf6 Qg5 45. Qc7 Bg6 46. Qc3 Kh7 47. Rf1
Qd8 48. Nf6+ Kg7 49. Qe5 Kh8 50. Nxg8+ Kxg8 51. Qd5+ Qxd5 52. exd5 Bh5 53. d6
Bg4 54. Re1 Kf8 55. Kf2 Kf7 56. Re7+ Kf8 57. Rh7 Ke8 58. Rxh6 Kd7 59. Rh4 Be6
60. Rd4 Kc6 61. h4 Kd7 62. g4 Bb3 63. h5 Bf7 64. h6 Bg8 65. g5 Bh7 66. Kf3 Bg6
67. Kf4 Bh7 68. Ke5 Bg6 69. Kf6 Bb1 70. g6 Ba2 71. h7 Bd5 72. Rxd5 Kc6 73. Ke6
Kb7 74. d7 b4 75. h8=Q Ka7 76. Ra5+ Kb6 77. d8=Q+ Kb7 78. Qh1# 1-0

[Event "ICS rated blitz match"]
[Site "204.178.125.65"]
[Date "2000.02.17"]
[Round "?"]
[White "Beadle"]
[Black "Hossa"]
[Result "1-0"]
[WhiteElo "2541"]
[BlackElo "2432"]
[PlyCount "105"]

1. e4 c6 2. d4 d5 3. e5 Bf5 4. Nf3 e6 5. a3 c5 6. Bb5+ Nc6 7. Nc3 a6 8. Bxc6+
bxc6 9. O-O cxd4 10. Nxd4 Ne7 11. b4 Qc7 12. Re1 c5 13. bxc5 Qxc5 14. Na4 Qa5
15. Nb2 Rc8 16. Bd2 Qb6 17. Bb4 Bg6 18. c3 Rc7 19. Bd6 Rc8 20. Na4 Qd8 21. Nc5
Qa5 22. Rc1 Nc6 23. Ncxe6 fxe6 24. Nxe6 Bxd6 25. exd6 Kd7 26. c4 dxc4 27. Rxc4
Na7 28. Ra4 Qb6 29. Nxg7 Rcf8 30. Re7+ Kc8 31. Re3 Nb5 32. Ne6 Nxd6 33. Nxf8
Rxf8 34. Qd2 Qb1+ 35. Re1 Qb6 36. Rb4 Qa7 37. Re6 Nb5 38. Rc6+ Nc7 39. Rbc4 Rf7
40. Rd6 Rf8 41. Rd7 Rf7 42. Rd8+ Kb7 43. Rb4+ Qb6 44. Rxb6+ Kxb6 45. a4 a5 46.
Rb8+ Ka7 47. Rb3 Bd3 48. Qe3+ Ka8 49. Qxd3 Ka7 50. Qd4+ Ka8 51. Qd8+ Ka7 52.
Qb8+ Ka6 53. Rb6# 1-0

[Event "ICS rated blitz match"]
[Site "204.178.125.65"]
[Date "2000.02.17"]
[Round "?"]
[White "QueenMaxima"]
[Black "Hossa"]
[Result "1-0"]
[WhiteElo "2372"]
[BlackElo "2421"]
[PlyCount "95"]

1. d4 c6 2. e3 d5 3. Bd3 e6 4. Nf3 Nf6 5. O-O Be7 6. Nc3 b6 7. Qe2 c5 8. dxc5
bxc5 9. Rd1 Nbd7 10. Bb5 O-O 11. Bc6 Rb8 12. e4 d4 13. Bf4 Rb6 14. Bxd7 Bxd7
15. Nb1 Rxb2 16. Na3 Qa5 17. Rd3 Bb5 18. Nxb5 Qxb5 19. a3 Qc4 20. Ne1 Rd8 21.
Bc1 Rb6 22. a4 Rb4 23. a5 Qb5 24. Nf3 Rb8 25. Bd2 Rb1+ 26. Rxb1 Qxb1+ 27. Be1
Rb2 28. Rd2 Nd7 29. Rd1 Rxc2 30. Rxb1 Rxe2 31. Rb7 Ne5 32. Kf1 Rxe1+ 33. Kxe1
Nxf3+ 34. gxf3 Bf8 35. Rxa7 c4 36. a6 Bb4+ 37. Kf1 g6 38. Rc7 Bd6 39. Rc8+ Kg7
40. a7 Bxh2 41. a8=Q Kh6 42. Rg8 f6 43. Qa7 c3 44. Rh8 Kg5 45. Qxh7 Kf4 46.
Qxh2+ Kxf3 47. Rh4 d3 48. Rf4# 1-0

[Event "ICS rated blitz match"]
[Site "204.178.125.65"]
[Date "2000.02.17"]
[Round "?"]
[White "Hossa"]
[Black "ljb"]
[Result "1-0"]
[WhiteElo "2403"]
[BlackElo "2227"]
[PlyCount "65"]

1. e4 e6 2. d4 d5 3. Nc3 Nf6 4. e5 Nfd7 5. f4 c5 6. Nf3 Nc6 7. Be3 a6 8. Qd2 c4
9. f5 Be7 10. O-O-O O-O 11. Be2 b5 12. fxe6 fxe6 13. Rdf1 b4 14. Nd1 a5 15. h4
Ba6 16. Ng5 Bxg5 17. hxg5 g6 18. Qe1 Qe7 19. Qh4 Rxf1 20. Rxf1 Rf8 21. Nf2 c3
22. Bxa6 cxb2+ 23. Kxb2 a4 24. Qh6 Nb6 25. Rh1 Na5 26. Ng4 Nbc4+ 27. Kb1 b3 28.
Nf6+ Rxf6 29. gxf6 bxc2+ 30. Kxc2 Qc7 31. Kd1 Nb2+ 32. Ke2 a3 33. Bc8 1-0

[Event "ICS rated blitz match"]
[Site "204.178.125.65"]
[Date "2000.02.17"]
[Round "?"]
[White "PostModernist"]
[Black "Hossa"]
[Result "1-0"]
[WhiteElo "2506"]
[BlackElo "2412"]
[PlyCount "145"]

1. e4 d6 2. d4 Nf6 3. Nc3 g6 4. f4 Bg7 5. Nf3 O-O 6. Bd3 Nc6 7. e5 dxe5 8. fxe5
Nh5 9. Be3 Bg4 10. Be2 f6 11. exf6 exf6 12. Qd2 f5 13. O-O-O f4 14. Bf2 Qd7 15.
h3 Bf5 16. Rhe1 Rae8 17. Bc4+ Kh8 18. d5 Na5 19. Be2 Ng3 20. Bxg3 fxg3 21. Nd4
Qd6 22. Ncb5 Qxd5 23. Qxa5 Bxd4 24. Rxd4 Qe5 25. Qc3 Re7 26. Qd2 a6 27. Rd5 Qg7
28. Nc3 b5 29. Rf1 c6 30. Rd8 Ref7 31. Rxf8+ Qxf8 32. Qf4 Qc5 33. a3 a5 34.
Qxg3 b4 35. axb4 axb4 36. Rxf5 Rxf5 37. Nd1 Qa7 38. Qh4 c5 39. Qd8+ Kg7 40. g4
Rf7 41. Bc4 Rf8 42. Qd6 g5 43. Ne3 Qa1+ 44. Kd2 Rf2+ 45. Be2 Qa7 46. Nf5+ Kf7
47. Qd5+ Kf8 48. Qd8+ Kf7 49. Qxg5 Qd7+ 50. Ke3 Rxe2+ 51. Kxe2 Qe8+ 52. Kd3
Qb5+ 53. Ke3 Qe8+ 54. Kf4 Qf8 55. Ke5 Qb8+ 56. Nd6+ Kf8 57. Qf6+ Kg8 58. Qf7+
Kh8 59. Qe8+ Qxe8+ 60. Nxe8 c4 61. c3 bxc3 62. bxc3 Kg8 63. Kf6 Kf8 64. Nd6 h6
65. h4 Kg8 66. g5 h5 67. g6 Kf8 68. g7+ Kg8 69. Nb5 Kh7 70. Kf7 Kh6 71. Nd6 Kh7
72. g8=Q+ Kh6 73. Nf5# 1-0

[Event "ICS rated blitz match"]
[Site "204.178.125.65"]
[Date "2000.02.17"]
[Round "?"]
[White "PostModernist"]
[Black "Hossa"]
[Result "1-0"]
[WhiteElo "2528"]
[BlackElo "2378"]
[PlyCount "149"]

1. e4 c5 2. Nf3 d6 3. d4 cxd4 4. Nxd4 Nf6 5. Nc3 e6 6. g4 e5 7. Bb5+ Bd7 8.
Bxd7+ Qxd7 9. Nf5 h6 10. g5 hxg5 11. Bxg5 Nh7 12. Qd2 g6 13. Ng3 Nc6 14. Nd5
Nd4 15. Qd1 Qc8 16. c3 Nxg5 17. cxd4 Bg7 18. dxe5 dxe5 19. Qa4+ Kd8 20. Qa3 Bf8
21. Qd3 Qd7 22. Rd1 Rc8 23. Nb6 Qxd3 24. Rxd3+ Kc7 25. Nxc8 Kxc8 26. Ke2 Ne6
27. Rc1+ Kb8 28. Rd7 Rxh2 29. Rxf7 Bc5 30. Nf1 Rh3 31. Ke1 Bb4+ 32. Kd1 Rh1 33.
Kc2 Ng5 34. Rg7 Nxe4 35. Rg8+ Kc7 36. Kd3+ Nc5+ 37. Ke2 Kd7 38. Rc4 Na6 39.
Rxg6 Be7 40. Nd2 Nb4 41. Nf3 Nc6 42. Rcxc6 bxc6 43. Nxe5+ Kc7 44. Rg7 Kd6 45.
Nxc6 Kxc6 46. Rxe7 a5 47. Re5 Kb6 48. a4 Rh4 49. Rb5+ Ka6 50. b3 Re4+ 51. Kd3
Rg4 52. Ke3 Rh4 53. f4 Rh2 54. b4 axb4 55. Rxb4 Rh3+ 56. Kd4 Rh4 57. Ke5 Rh8
58. f5 Re8+ 59. Kd6 Rc8 60. f6 Rc2 61. f7 Rf2 62. Ke6 Rf1 63. Rb5 Ka7 64. Rf5
Re1+ 65. Kf6 Kb7 66. f8=Q Rd1 67. Qe7+ Ka6 68. Qe2+ Ka7 69. Ra5+ Kb7 70. Qe7+
Kb6 71. Qa7+ Kc6 72. Rc5+ Kd6 73. Qb6+ Kd7 74. Qc7+ Ke8 75. Qe7# 1-0

[Event "ICS rated blitz match"]
[Site "204.178.125.65"]
[Date "2000.02.17"]
[Round "?"]
[White "Hossa"]
[Black "PostModernist"]
[Result "1-0"]
[WhiteElo "2369"]
[BlackElo "2537"]
[PlyCount "151"]

1. e4 g6 2. d4 e6 3. Nf3 d5 4. exd5 exd5 5. Qe2+ Be7 6. Nc3 c6 7. Qe5 Nf6 8.
Bh6 Nbd7 9. Qf4 Bb4 10. O-O-O Bxc3 11. bxc3 Ne4 12. Bd3 Qe7 13. Rhe1 Ndf6 14.
Kb2 Bf5 15. Bg5 Nh5 16. Qxf5 gxf5 17. Bxe7 Kxe7 18. g3 Kf8 19. Re2 Re8 20. Rde1
Nhf6 21. Ne5 Kg7 22. c4 dxc4 23. Bxc4 Nd6 24. Bd3 Nd5 25. c4 Nb4 26. Bb1 f6 27.
Nf3 Rxe2+ 28. Rxe2 Re8 29. Rxe8 Nxe8 30. Bxf5 Nd6 31. Nh4 b5 32. Kb3 a5 33. c5
Nc4 34. Nf3 h6 35. Bd7 Nd3 36. Bxc6 Nc1+ 37. Kc2 Nxa2 38. Bxb5 Na3+ 39. Kb3
Nxb5 40. Kxa2 a4 41. d5 Kf7 42. Kb2 Ke8 43. Nd2 h5 44. Nc4 Kf7 45. Nb6 a3+ 46.
Ka2 f5 47. d6 Ke8 48. c6 Nxd6 49. c7 Ke7 50. c8=N+ Nxc8 51. Nxc8+ Kd7 52. Na7
Kd6 53. Kxa3 Kd5 54. Nb5 f4 55. Nc3+ Ke5 56. Ne2 fxg3 57. hxg3 Ke4 58. Nf4 h4
59. gxh4 Kxf4 60. f3 Kf5 61. Kb4 Kg6 62. Kc5 Kh5 63. Kd6 Kxh4 64. f4 Kg4 65.
Ke5 Kh4 66. Ke6 Kg4 67. f5 Kh5 68. f6 Kg6 69. f7 Kg7 70. Ke7 Kg6 71. f8=Q Kg5
72. Qf3 Kh4 73. Qe3 Kh5 74. Qg3 Kh6 75. Kf6 Kh7 76. Qg7# 1-0

[Event "ICS rated blitz match"]
[Site "204.178.125.65"]
[Date "2000.02.17"]
[Round "?"]
[White "PostModernist"]
[Black "Hossa"]
[Result "1/2-1/2"]
[WhiteElo "2514"]
[BlackElo "2392"]
[PlyCount "92"]

1. e4 c6 2. d3 d5 3. Nd2 e5 4. g3 dxe4 5. Nxe4 Nf6 6. Bg2 Nxe4 7. Bxe4 Bc5 8.
Bg2 Qb6 9. Qe2 O-O 10. c3 Bf5 11. Nf3 Nd7 12. b4 Bd6 13. O-O Qa6 14. Rd1 e4 15.
Nh4 exd3 16. Qf3 Be6 17. Qxd3 Qxd3 18. Rxd3 Be7 19. Nf3 Nb6 20. Bg5 Bxg5 21.
Nxg5 Bc4 22. Rd2 f5 23. h4 Rad8 24. Rxd8 Rxd8 25. a4 Rd2 26. a5 Nc8 27. Re1 Nd6
28. Nf3 Rd3 29. Rc1 a6 30. Ne5 Rd2 31. Bf3 Bb3 32. h5 Kf8 33. Re1 Rc2 34. Re3
Nc4 35. Nxc4 Bxc4 36. Kg2 Kf7 37. g4 Be6 38. g5 Bc4 39. Kg3 Rd2 40. h6 gxh6 41.
Bh5+ Kg7 42. Re7+ Kf8 43. Re8+ Kg7 44. Re7+ Kf8 45. Re8+ Kg7 46. Re7+ Kf8
1/2-1/2

[Event "ICS rated blitz match"]
[Site "204.178.125.65"]
[Date "2000.02.17"]
[Round "?"]
[White "Hossa"]
[Black "Beadle"]
[Result "0-1"]
[WhiteElo "2397"]
[BlackElo "2562"]
[PlyCount "108"]

1. d4 Nf6 2. Nf3 g6 3. g3 Bg7 4. c4 c5 5. d5 d6 6. Nc3 Bf5 7. h3 Ne4 8. Nxe4
Bxe4 9. Bg2 Qb6 10. Qb3 Qxb3 11. axb3 Nd7 12. O-O O-O 13. Ne1 Bxg2 14. Kxg2 b5
15. Nc2 Rfb8 16. Ra2 Nb6 17. Na3 a6 18. Rd1 bxc4 19. bxc4 Na4 20. Rd2 Rb4 21.
Nc2 Rxc4 22. b3 Nc3 23. Ra5 Re4 24. Kf3 Re5 25. Ne3 Bh6 26. Rd3 Bxe3 27. Bxe3
Rf5+ 28. Kg2 Nxe2 29. g4 Nf4+ 30. Bxf4 Rxf4 31. Kf1 f5 32. g5 h6 33. gxh6 Kh7
34. Ra2 Kxh6 35. Re3 Ra7 36. Ke2 Rb7 37. Rxa6 Rd4 38. Ra8 Rxd5 39. Rg8 f4 40.
Rc3 Rd4 41. Rh8+ Kg7 42. Ra8 Rdb4 43. Ra3 Kf6 44. Kf3 e6 45. Kg4 g5 46. Kf3 Kf5
47. Ke2 R7b5 48. Rf3 d5 49. Kd2 e5 50. Rd3 d4 51. f3 e4 52. fxe4+ Kxe4 53. Ke2
Rb7 54. Kd2 c4 0-1

[Event "ICS rated blitz match"]
[Site "204.178.125.65"]
[Date "2000.02.17"]
[Round "?"]
[White "Beadle"]
[Black "Hossa"]
[Result "1-0"]
[WhiteElo "2571"]
[BlackElo "2388"]
[PlyCount "102"]

1. d4 d5 2. c4 e6 3. Nc3 Nf6 4. Bg5 Be7 5. e3 O-O 6. Nf3 Nbd7 7. Qc2 c5 8.
O-O-O cxd4 9. Nxd4 dxc4 10. Bxc4 Re8 11. Kb1 Qc7 12. Ncb5 Qc5 13. Bf4 e5 14.
Nc7 exf4 15. Nxa8 fxe3 16. fxe3 Bf8 17. Rd3 Qg5 18. Nf3 Qa5 19. Nc7 Re7 20. Nd5
Nxd5 21. Rxd5 Qc7 22. Re1 Nf6 23. Rd4 Bg4 24. e4 Qb6 25. Qb3 Qc7 26. Rc1 Qa5
27. e5 Bf5+ 28. Bd3 Rxe5 29. Nxe5 Qxe5 30. Rh4 Be6 31. Qxb7 Qe3 32. Rd1 Qc5 33.
Qb8 Qa5 34. b3 Qc5 35. Bc2 Bd5 36. g3 h6 37. Ra4 a5 38. Qd8 Bc6 39. Rxa5 Qc3
40. Ra7 Bf3 41. Rc7 Qb4 42. Rd2 Bg4 43. Rd4 Qe1+ 44. Kb2 Qe5 45. a3 Bh3 46. Kb1
Qe1+ 47. Rd1 Qe6 48. b4 g6 49. Rb7 Ne4 50. Rd4 Ng5 51. Rb8 Nh7 1-0

[Event "ICS rated blitz match"]
[Site "204.178.125.65"]
[Date "2000.02.17"]
[Round "?"]
[White "Hossa"]
[Black "Beadle"]
[Result "0-1"]
[WhiteElo "2380"]
[BlackElo "2579"]
[PlyCount "102"]

1. c4 Nf6 2. Nf3 e6 3. g3 d5 4. cxd5 exd5 5. Bg2 Nc6 6. d4 Bb4+ 7. Nc3 Ne4 8.
Qb3 O-O 9. O-O Bxc3 10. bxc3 Na5 11. Qb4 Nc4 12. Re1 Re8 13. Rb1 Re6 14. Qb3
Rb6 15. Qc2 Rxb1 16. Qxb1 Nxc3 17. Qb3 Ne4 18. Qb4 a5 19. Qb3 Ra6 20. a3 Qe7
21. Qa4 Bd7 22. Qc2 Bg4 23. Ne5 Nxe5 24. dxe5 Bf5 25. Qb2 Rb6 26. Qd4 Rb5 27.
Qa7 h6 28. Bf4 g5 29. a4 Rb4 30. Bc1 Rxa4 31. Qxb7 Qxe5 32. Bb2 d4 33. e3 Nc3
34. Qc6 Ra2 35. Bxc3 dxc3 36. Qxh6 Bd3 37. Qc6 c2 38. Qa8+ Kg7 39. Qd5 Qxd5 40.
Bxd5 Rb2 41. Ba2 Kg6 42. f4 Rxa2 43. h3 Rb2 44. e4 Rb1 45. Kf2 Rxe1 46. f5+ Kh6
47. Kxe1 c1=Q+ 48. Kf2 c5 49. g4 Qf1+ 50. Kg3 Bxe4 51. h4 Qg2# 0-1

[Event "ICS rated blitz match"]
[Site "204.178.125.65"]
[Date "2000.02.17"]
[Round "?"]
[White "Beadle"]
[Black "Hossa"]
[Result "1-0"]
[WhiteElo "2587"]
[BlackElo "2372"]
[PlyCount "237"]

1. e4 e5 2. Nf3 Nc6 3. Bb5 Nf6 4. O-O Bc5 5. Nxe5 Nd4 6. Bc4 Qe7 7. Nf3 d6 8.
Nxd4 Bxd4 9. c3 Bb6 10. d4 O-O 11. Bg5 Qxe4 12. Bxf6 gxf6 13. Re1 Qf4 14. Na3
c6 15. g3 Qh6 16. Qb3 d5 17. Bd3 f5 18. Re7 Bd8 19. Rxb7 Bxb7 20. Qxb7 Bg5 21.
f4 Qe6 22. Nc2 Rfb8 23. Qa6 Bh6 24. b3 Re8 25. Re1 Qg6 26. Re5 Rxe5 27. fxe5
Bd2 28. c4 dxc4 29. Bxc4 f4 30. Bd3 Qh6 31. Be4 fxg3 32. hxg3 Bc3 33. Qd3 Bb2
34. Nb4 Rc8 35. Kg2 Rc7 36. Bf5 Rb7 37. Nc2 Bc1 38. Qc3 Qd2+ 39. Qxd2 Bxd2 40.
Kf3 a5 41. Be4 Rb6 42. Na3 Bc3 43. Ke3 Ra6 44. Nc4 Bb4 45. a3 Be7 46. Kf4 h6
47. g4 Bg5+ 48. Kf3 Kf8 49. Bd3 Bc1 50. a4 Bg5 51. Nd6 Ra8 52. Bc4 Ra7 53. Nf5
Bd2 54. Ke4 Kg8 55. Kd3 Bg5 56. Kc3 Kf8 57. Be2 Rb7 58. Bf3 Rb6 59. Be4 Bf4 60.
Kc2 Ra6 61. Bf3 Ke8 62. Be2 Ra8 63. Bc4 Kf8 64. Kd3 Ra7 65. Ke4 Bd2 66. Kf3 Rd7
67. Ke2 Bf4 68. Kf2 Bc1 69. Be2 Bb2 70. Ke3 c5 71. dxc5 Rc7 72. Ke4 Rxc5 73.
Nd4 Bxd4 74. Kxd4 Rc8 75. Bc4 Rb8 76. Kc5 Ke7 77. Kd5 Rb6 78. Ke4 Rb4 79. Kd4
Kf8 80. Kd5 Kg8 81. Ke4 Rb6 82. Bd5 Kg7 83. Kf4 Rb4+ 84. Bc4 Kf8 85. Ke4 Rb8
86. Kd4 Rb7 87. Kc5 Kg7 88. Kc6 Rb4 89. Kc7 Kf8 90. Kc6 Ke7 91. Kc5 Rb7 92. Kc6
Ra7 93. Bd5 Ra6+ 94. Kb5 Rg6 95. Bf3 h5 96. gxh5 Rg3 97. Bd1 Rd3 98. Bc2 Rd5+
99. Kb6 Rxe5 100. h6 Rh5 101. h7 Kf6 102. b4 axb4 103. a5 Kg5 104. a6 Rh6+ 105.
Kc5 b3 106. Bd3 Rxh7 107. Bxh7 f5 108. Bg8 b2 109. Ba2 f4 110. a7 f3 111. a8=Q
Kf4 112. Qb8+ Ke3 113. Qe5+ Kd2 114. Qxb2+ Ke1 115. Bd5 f2 116. Qc3+ Kf1 117.
Bf3 Kg1 118. Qg7+ Kf1 119. Qa1# 1-0

[Event "ICS rated blitz match"]
[Site "204.178.125.65"]
[Date "2000.02.17"]
[Round "?"]
[White "Hossa"]
[Black "Diane"]
[Result "1/2-1/2"]
[WhiteElo "2365"]
[BlackElo "2011"]
[PlyCount "75"]

1. e4 c5 2. Nf3 Nc6 3. Bb5 g6 4. O-O Bg7 5. c3 a6 6. Ba4 b5 7. Bc2 Nf6 8. e5
Nd5 9. Be4 Nc7 10. d4 cxd4 11. Nxd4 Bb7 12. Bf4 O-O 13. Qf3 Nxd4 14. cxd4 Bxe4
15. Qxe4 Ne6 16. d5 Nxf4 17. Qxf4 e6 18. d6 h6 19. Qg3 Qg5 20. Qxg5 hxg5 21.
Re1 Rac8 22. Nd2 Rc2 23. Nb3 Rfc8 24. Rab1 R8c4 25. f3 Rc8 26. g3 f6 27. Nd4
R2c5 28. exf6 Bxf6 29. Red1 Rd5 30. Nb3 Rxd1+ 31. Rxd1 Bxb2 32. Kg2 Bf6 33. Rd2
Rc6 34. Na5 Rc8 35. Nb3 Rc6 36. Na5 Rc8 37. Nb3 Rc6 38. Na5 1/2-1/2

[Event "ICS rated blitz match"]
[Site "204.178.125.65"]
[Date "2000.02.17"]
[Round "?"]
[White "Diane"]
[Black "Hossa"]
[Result "0-1"]
[WhiteElo "2023"]
[BlackElo "2353"]
[PlyCount "82"]

1. e4 e5 2. Nf3 Nc6 3. d4 exd4 4. Nxd4 Nf6 5. Nxc6 bxc6 6. e5 Qe7 7. Qe2 Nd5 8.
c4 Ba6 9. g3 g6 10. b3 Bg7 11. Bb2 O-O 12. Bg2 Nb6 13. O-O d5 14. Nd2 Rad8 15.
Qe3 dxc4 16. Nxc4 Bxc4 17. bxc4 Nxc4 18. Qc3 Nxb2 19. Qxb2 Qxe5 20. Qxe5 Bxe5
21. Rae1 f6 22. Bxc6 Rd6 23. Bg2 Rd2 24. a4 c5 25. Rd1 Rfd8 26. Bf3 R2d6 27.
Rxd6 Rxd6 28. Rd1 Bd4 29. Rb1 c4 30. Rb4 c3 31. Rc4 Rd7 32. Kf1 Be5 33. Ke1 Rd2
34. Be4 Bd4 35. f3 Kg7 36. h3 Kh6 37. Rc7 f5 38. Bb1 Bf2+ 39. Kf1 Bb6 40. Re7
Rf2+ 41. Ke1 c2 0-1

[Event "ICS rated blitz match"]
[Site "204.178.125.65"]
[Date "2000.02.17"]
[Round "?"]
[White "Beadle"]
[Black "Hossa"]
[Result "1-0"]
[WhiteElo "2590"]
[BlackElo "2357"]
[PlyCount "181"]

1. e4 e5 2. Nf3 Nc6 3. Bb5 Nf6 4. O-O Bc5 5. Nxe5 Nd4 6. Bc4 Qe7 7. Nf3 Nxe4 8.
Nxd4 Bxd4 9. Qe2 Nxf2 10. Qxe7+ Kxe7 11. Rxf2 Re8 12. Nc3 c6 13. b3 d5 14. Bd3
f5 15. Ba3+ Kd8 16. Raf1 Kc7 17. Ne2 Bb6 18. Bb2 Bxf2+ 19. Rxf2 g6 20. Bd4 Kd6
21. Be3 b6 22. Nd4 a6 23. Bf4+ Kd7 24. Nf3 c5 25. Ne5+ Ke7 26. Re2 Be6 27. Nf3
Kd8 28. c3 Ra7 29. Ne5 Kc8 30. Kf2 Kb7 31. b4 c4 32. Bc2 Raa8 33. Be3 Rac8 34.
a4 Rc7 35. Re1 Rcc8 36. b5 a5 37. Bd4 Rcd8 38. Nc6 Rd7 39. Re3 f4 40. Re1 Bf7
41. Rxe8 Bxe8 42. Be5 h6 43. Kf3 Ka8 44. Kxf4 Rf7+ 45. Ke3 Rf1 46. Ke2 Rc1 47.
Nd4 Kb7 48. Bg7 h5 49. Be5 g5 50. Bf5 h4 51. Be6 Bh5+ 52. Kf2 Rd1 53. Bxd5+ Kc8
54. Be6+ Kb7 55. Bxc4 Rxd2+ 56. Ke3 Rd1 57. Bf6 Rc1 58. Bd5+ Kb8 59. Kd3 Rd1+
60. Kc2 Rh1 61. Bxg5 Kc8 62. h3 Bd1+ 63. Kd3 Bxa4 64. Bxh4 Kc7 65. Bg3+ Kd7 66.
Bf4 Kd8 67. Be4 Bd1 68. Nc6+ Ke8 69. Be3 Bb3 70. Bxb6 Rd1+ 71. Ke3 Bc4 72. Bg6+
Kf8 73. Bc5+ Kg7 74. b6 Kxg6 75. Ne5+ Kh7 76. Nxc4 Rb1 77. Nxa5 Re1+ 78. Kd4
Rd1+ 79. Kc4 Rd8 80. b7 Re8 81. Nc6 Kg7 82. g4 Kg6 83. Be7 Kg7 84. Bd8 Re6 85.
Nd4 Re8 86. b8=Q Kf7 87. Qb7+ Kg6 88. Nf5 Re7 89. Bxe7 Kf7 90. Qa8 Ke6 91. Qd5#
1-0